000 00931cab a2200277 4500
001 WB3142-04
008 090401t1995 xxu||||| |||| 00| 0 eng d
035 _a(Sirsi) u21899
041 _aeng
245 _aOverspending on construction projects
260 _c1995
350 _a0
490 _aFinancial Times
_v8 November 1995, 10
490 _aBuilding
_v10 November 1995, 8
490 _aRICS Press Release
_v(PR139/comm) 7 November 1995, (4)
520 _aThe Prime Minister`s Efficiency Unit reports on overspending of original budgets by public sector construction projects. "Construction procurement ny government". The RICS welcomes the report.
650 _aCONSTRUCTION PROCUREMENT
650 _aCONSTRUCTION PROJECTS
650 _aEFFICIENCY UNIT
650 _aGOVERNMENT
650 _aLEVENE REPORT
650 _aProcurement-old
690 _aBUILT ENVIRONMENT
942 _n0
948 _c04/03/1997
999 _c14674
_d14674